1524 1429 1658 1027 1602 1081 1995 1676 1053 1520 1876 1090 1225 1074 1626 1376 1608 1502 1249 1031 1725 1889 1067 1317 1921 1216 1118 1138 1025 1147 1104 1802 1329 1977 1833 1431 1121 1278 1883 1309 1431 1600 1832 1893 1952 1510 1565 1768 1616 1473 1752 1006 1223 1061 1879 1910 1896 1860 1248 1585 1793 1256 1406 1251 1767 1469 1629 1392 1760 1959 1824 1948 1377 1445 1559 1825 1124 1709 1104 1551 1686 1390 1496 1167 1234 1894 1993 1776 1648 1995 1251 1559 1901 1906 1228 1876 1478 1229 1047 BCNSPRNW ULIB Ver.6.0+V

เปลี่ยนเป็นภาษาไทย

Change to English
 แสดงรายละเอียดบรรณานุกรม
  กลับหน้าหลัก

Brief Record : Get Marc (ISO 2709) : E-mail record : QR code < ปิดหน้าต่าง
LEADER : 00000nam 2200000uu 4500
001    13399108956
003     ULIB
008    110317s2544||||th 000 0 tha d
020    9742939314
060 04 WY159^bพ231ก 2544
245 00 การพยาบาลเด็ก เล่ม 2 /^cบรรณาธิการ, พรทิพย์ศิริบูรณ์พิพัฒนา
250    พิมพ์ครั้งที่ 7
260    นนทบุรี :^bโครงการสวัสดิการวิชาการ สถาบันพระบรมราชชนกกระทรวงสาธารณสุข,^c2544
300    [12], 467 หน้า :^bภาพประกอบ ;^c26 ซม.
504    มีบรรณานุกรมและดัชนี
650  7 การพยาบาลกุมารเวชศาสตร์
700 0  พรทิพย์ ศิริบูรณ์พิพัฒนา,^eบรรณาธิการ
710 2  กระทรวงสาธารณสุข
710 2  สถาบันพระบรมราชราชชนก ^bโครงการสวัสดิการวิชาการ
945    ^p250^l0^i16902
995    กัณชพร
999    ^aใช้งานได้ทุกระบบ
รายการนี้ยังไม่มีแท็ก
คุณยังไม่ได้ล็อกอิน คุณสามารถมีกิจกรรมร่วมกับเว็บไซต์ได้ แต่ต้องล็อกอินก่อน ::
  ล็อกอิน

รายการสื่อสารสนเทศ

ลำดับที่ ประเภท เลขเรียก/บาร์โค้ด สถานที่ สถานะ
- ไม่พบข้อมูล -

รายการใกล้เคียง
    หัวเรื่อง [การพยาบาลกุมารเวชศาสตร์]

BibComment


ยังไม่เคยถูกคอมเมนท์

คอมเมนท์ทรัพยากรรายการนี้
  คอมเมนท์: การพยาบาลเด็ก เล่..


 Copyright 2026. Bcnsprnw @Library